00741cam a22002294a 450000100060000000300090000600500170001500800410003202000240007304000130009704100080011008200180011810000280013624501060016426000490027030000350031950400510035465000300040565000270043565000190046270000300048111136IN-BhIIT20250122165156.0050509s2005 ne a b 001 0 eng  a9781558609105 (hbk) aIN-BhIIT aeng00a005.43bSMI/V1 aSmith, James E.eAuthor10aVirtual machines :bversatile platforms for systems and processes /cby James E. Smith and Ravi Nair. aBoston :bMorgan Kaufmann Publishers,c2005. axxii, 638 p. :bill. ;c24 cm. aIncludes bibliographical references and index. 0aVirtual computer systems. 0aComputer architecture. 0aSystem design.1 aNair, Ravi.eJoint author